Musical Symbols #2 - Statistics

General Stats
  • This quiz has been taken 54 times
  • The average score is 14 of 18
Answer Stats
Picture Answer % Correct
Mezzo Forte
90%
Mezzo Piano
90%
Trill
90%
Double Flat
88%
Eighth Rest
85%
Quarter Rest
85%
Sixteenth Rest
85%
Triplet Note
85%
Half Rest
83%
Whole Rest
83%
Common Time
75%
Coda
70%
Cut Time
68%
Double Sharp
65%
Sforzando
65%
Grace Note
63%
Tenuto
55%
Mordent
40%
No matching quizzes found
Score Distribution
Percent of People with Each Score
Percentile by Number Answered
Your Score History
You have not taken this quiz